| 000 | 00491nam a2200133Ia 4500 | ||
|---|---|---|---|
| 003 | GCL | ||
| 008 | 140319s9999 xx 000 0 ara d | ||
| 040 |
_aGCL / _cGCL |
||
| 082 | 0 | 4 |
_a819 _bا م |
| 245 | 1 | 0 | _aمفهوم الاستعارة: فى بحوث اللغوين والنقاد والبلاغيين دراسة تاريخية فنية |
| 260 |
_a[S.N] : _bمنشاة المعارف الاسلامية ، _c1988 |
||
| 300 | _a200 ص | ||
| 490 |
_aسلسلة كتب الادب والنقد _v0 |
||
| 999 |
_c32221 _d32221 |
||